000 00473nam a2200181Ia 4500
008 230711s9999||||xx |||||||||||||| ||und||
020 _a978-0-521-68918-2
041 _aENG
082 _a621.381
_bHA-S
100 _aHayes,Thomas C
245 0 _aStudent Manual of The Art of Electronics
250 _a1st Ed.
260 _c2015
_aNew Delhi
_bCambridge University Press
300 _a614p.
650 _aElectronics Engineering
700 _aHorowitz,Paul
942 _cBK
999 _c6624
_d6624